| 000 | 00877nam a2200253Ia 4500 | ||
|---|---|---|---|
| 999 |
_c5698 _d5698 |
||
| 003 | OSt | ||
| 005 | 20200406203145.0 | ||
| 008 | 191128s1980 mx fr 000 0 spa d | ||
| 040 |
_aCO-JMCR _cCO-JMCR |
||
| 041 | 1 |
_aspa _hYo |
|
| 082 | 0 | 4 |
_a321.4 / _bK247e _221 |
| 100 | 1 |
_aKelsen, Hans, _eautor _92563 |
|
| 245 | 1 | 0 |
_aEsencia y valor de la democracia / _cHans Kelsen ; traducción Rafael Luengo Tapia y Luis Legaz Lacambra |
| 260 |
_aMéxico : _bEditora Nacional, _c1980 |
||
| 300 |
_a159 páginas ; _c16 cm. |
||
| 505 | 0 | _aEsencia y valor de la democracia -- Forma de estado y filosofía | |
| 546 | _aTraducido del alemán | ||
| 650 | 1 | 4 |
_aDemocracia _92564 |
| 650 | 1 | 4 |
_a Derecho institucional _92565 |
| 650 | 1 | 4 |
_aCiencias políticas _92566 |
| 700 | 1 |
_aLuengo Tapia, Rafael, _etraductor _92567 |
|
| 700 | 1 |
_aLegaz Lacambra, Luis, _etraductor _92568 |
|
| 942 |
_2ddc _cBK |
||